Requins par images - Statistiques

Statistiques générales
  • Ce quiz a été pris 784 fois
  • Le résultat moyen est 10 sur 16
Statistiques - réponses
Par images Réponse % Correct
Requin Marteau
99%
Requin Baleine
96%
Requin Blanc
96%
Requin Tigre
88%
Requin Pèlerin
73%
Requin Citron
72%
Requin à pointes noires
62%
Requin Renard
62%
Requin Mako
58%
Requin Bleu
56%
Requin Leopard
49%
Requin Taureau
45%
Requin Nourrice
33%
Requin Gris
32%
Requin Corail
19%
Requin Gobelin
19%
Aucun quiz correspondant
Distribution des résultats
% des personnes avec chaque résultat
Percentile par nombre de réponses
Votre historique - résultats
Vous n’avez pas pris ce quiz